[Event "Open Est 2016-2017"]
[Site "Aubagne"]
[Date "2016.12.10"]
[Round "4.8"]
[White "Cotton, Paul"]
[Black "Corrias, Robert"]
[Result "1/2-1/2"]
[WhiteElo "1389"]
[BlackElo "1566"]
[PlyCount "80"]
[EventDate "2016.??.??"]
[WhiteTeam "Cercle d'Echecs Aubagnais"]
[BlackTeam "Club d'Echecs Pennois (CEP)"]

1. Nf3 d6 2. g3 Nf6 3. b3 Nc6 4. Bb2 g6 5. Bg2 Bg7 6. O-O O-O 7. c4 Bf5 8. d3
Qd7 9. Re1 e5 10. Nbd2 Rfe8 11. a3 Rab8 12. Rc1 e4 13. dxe4 Nxe4 14. Bxg7 Nxd2
15. Qxd2 Kxg7 16. Qc3+ f6 17. e3 Ne5 18. Nxe5 dxe5 19. h4 Red8 20. Qb2 Qd2 21.
Qxd2 Rxd2 22. Red1 Rbd8 23. Rxd2 Rxd2 24. Bxb7 Ra2 25. Rc3 Bh3 26. Rc1 Rxa3 27.
Bg2 Bg4 28. f3 Bf5 29. e4 Be6 30. Bf1 Rxb3 31. Ra1 Rc3 32. Rxa7 Rc1 33. Rxc7+
Kh6 34. Kg2 Rc2+ 35. Kg1 Rc1 36. Kf2 Rc2+ 37. Kg1 Kh5 38. c5 Rc1 39. Kf2 Rc2+
40. Kg1 Rc1 1/2-1/2

[Event "Open Est 2016-2017"]
[Site "Aubagne"]
[Date "2016.12.10"]
[Round "4.9"]
[White "Benezra, Ruthy"]
[Black "Strate, Francois"]
[Result "1-0"]
[WhiteElo "1534"]
[BlackElo "1315"]
[PlyCount "75"]
[EventDate "2016.??.??"]
[WhiteTeam "L'Echiquier du Roy René"]
[BlackTeam "Sanary Echecs"]

1. e4 e6 2. d4 d5 3. Nd2 Nf6 4. e5 Nfd7 5. Bd3 c5 6. c3 Nc6 7. Ne2 cxd4 8. cxd4
Be7 9. Nf3 Qb6 10. O-O f6 11. Nf4 Nb4 12. Bb1 fxe5 13. dxe5 O-O 14. a3 Na6 15.
Qd3 Rf5 16. b4 Nf8 17. g4 Rf7 18. h4 g6 19. Nh3 Bd7 20. Nhg5 Bb5 21. Qd2 Bxg5
22. Nxg5 Bxf1 23. Nxf7 Kxf7 24. Qf4+ Kg8 25. Kxf1 Qb5+ 26. Kg1 Rc8 27. Ra2 Rc4
28. Qg5 Qc6 29. Be3 Nc7 30. Bd3 Rc3 31. Bf1 Nb5 32. Qf6 Rxe3 33. fxe3 Qc1 34.
Rf2 Nd7 35. Qf7+ Kh8 36. Qxd7 Qxe3 37. Qe8+ Kg7 38. Qf8# 1-0

[Event "Open Est 2016-2017"]
[Site "Aubagne"]
[Date "2016.12.10"]
[Round "4.10"]
[White "Denis, Alexandra"]
[Black "Gutman, Leni"]
[Result "0-1"]
[WhiteElo "1295"]
[BlackElo "1533"]
[PlyCount "88"]
[EventDate "2016.??.??"]
[WhiteTeam "Marseille Passion Echecs"]
[BlackTeam "Marseille Echecs"]

1. e4 e6 2. Qe2 Nc6 3. Nf3 Bc5 4. g3 Nge7 5. Bg2 O-O 6. c3 d5 7. d4 Bb6 8. O-O
dxe4 9. Qxe4 Nf5 10. Bf4 Nce7 11. Ne5 c5 12. dxc5 Bxc5 13. Nd3 Bd6 14. Bxd6
Qxd6 15. Nd2 Rd8 16. Nc5 Qxc5 17. Nb3 Qc6 18. Rfd1 Re8 19. Qd3 Qc7 20. Qb5 Rf8
21. Rd2 Nc6 22. Rad1 a6 23. Qd3 Nfe7 24. Nc5 e5 25. Nd7 Bxd7 26. Qxd7 Qxd7 27.
Rxd7 Rfd8 28. Bxc6 Nxc6 29. b4 Rxd7 30. Rxd7 Nd8 31. Re7 g6 32. Rc7 b5 33. Rd7
Ne6 34. h4 Kf8 35. Kf1 Ke8 36. Rb7 Rc8 37. Rb6 Nc7 38. Rb7 Kd7 39. Rb6 Ra8 40.
Ke2 a5 41. f4 exf4 42. gxf4 axb4 43. cxb4 Rxa2+ 44. Kf3 Ra4 0-1

[Event "Open Est 2016-2017"]
[Site "Aubagne"]
[Date "2016.12.10"]
[Round "4.11"]
[White "Ulloa, Philippe"]
[Black "Andonian, Pierre"]
[Result "0-1"]
[WhiteElo "1325"]
[BlackElo "1502"]
[PlyCount "133"]
[EventDate "2016.??.??"]
[WhiteTeam "Club d'Echecs Pennois (CEP)"]
[BlackTeam "Echiquier Marseillais 1872"]

1. d4 Nf6 2. c4 d5 3. Nc3 e6 4. a3 c5 5. Bg5 cxd4 6. Qxd4 Nc6 7. Qd2 Be7 8.
Bxf6 Bxf6 9. cxd5 exd5 10. e3 Be6 11. h3 O-O 12. Nf3 Rc8 13. Be2 Na5 14. Bd1
Nc4 15. Qe2 Nxb2 16. Rc1 Nxd1 17. Qxd1 Bxc3+ 18. Rxc3 Rxc3 19. O-O Rxa3 20. Nd4
Ra6 21. Qc2 Qg5 22. Kh2 Bc8 23. Rc1 Qe5+ 24. g3 Rh6 25. Qxc8 Qf6 26. Kg2 Qe7
27. Nf5 Qe6 28. Nxh6+ gxh6 29. Qxb7 Qe4+ 30. Kg1 a5 31. Qb6 a4 32. Qxh6 d4 33.
Qg5+ Qg6 34. Qxg6+ hxg6 35. exd4 a3 36. Ra1 Ra8 37. Ra2 Kg7 38. Kg2 Kf6 39. Kf3
Ra4 40. Ke3 Ke6 41. f4 f5 42. Kd3 Kd5 43. g4 Rxd4+ 44. Ke3 Re4+ 45. Kf3 Ra4 46.
gxf5 gxf5 47. h4 Ke6 48. h5 Kf6 49. Ke3 Kg7 50. Kf3 Kh6 51. Kg3 Kxh5 52. Rh2+
Kg6 53. Ra2 Kf6 54. Kf3 Ke6 55. Re2+ Kd6 56. Ra2 Kc5 57. Ke3 Re4+ 58. Kf3 Kb4
59. Rg2 Kb3 60. Rd2 Ra4 61. Ke3 a2 62. Rd1 a1=Q 63. Rxa1 Rxa1 64. Kd4 Ra5 65.
Kd3 Rd5+ 66. Ke3 Kc4 67. Kf2 0-1

[Event "Open Est 2016-2017"]
[Site "Aubagne"]
[Date "2016.12.10"]
[Round "4.12"]
[White "Ghazarian, David"]
[Black "Rieu, Jean"]
[Result "1-0"]
[WhiteElo "1478"]
[BlackElo "1320"]
[PlyCount "141"]
[EventDate "2016.??.??"]
[WhiteTeam "Cercle d'Echecs Aubagnais"]
[BlackTeam "U.S.C.M."]

1. e4 e6 2. Nc3 Bb4 3. Nf3 Bxc3 4. bxc3 Nf6 5. d3 b6 6. Bg5 h6 7. Bh4 g5 8. Bg3
Qe7 9. Qd2 Nh5 10. Be5 f6 11. Bg3 Nxg3 12. hxg3 Bb7 13. Be2 Nc6 14. Rb1 O-O-O
15. c4 g4 16. Nh4 Rhg8 17. c3 Ne5 18. d4 Ng6 19. d5 Nxh4 20. Rxh4 Rg5 21. Bxg4
exd5 22. Rd1 Re5 23. cxd5 Rxd5 24. Qe3 Rxd1+ 25. Bxd1 Bc6 26. f3 d5 27. Be2 h5
28. Qd4 Qe5 29. Qxe5 fxe5 30. exd5 Bxd5 31. f4 Re8 32. Rxh5 Bxa2 33. Rxe5 Rxe5
34. fxe5 a5 35. Bb5 Kd8 36. Kf2 Bb3 37. Ke3 a4 38. Kd2 a3 39. Kc1 Ke7 40. g4
Ke6 41. g5 Kf5 42. c4 Kxg5 43. g4 Kg6 44. Be8+ Kg7 45. Bb5 Kf7 46. g5 a2 47.
Kb2 Bd1 48. Bd7 Ke7 49. g6 a1=Q+ 50. Kxa1 Bc2 51. g7 Bh7 52. e6 Bg8 53. Kb2 Kf6
54. Kc3 Kxg7 55. e7 Bf7 56. e8=Q Bxe8 57. Bxe8 c5 58. Kd3 Kf6 59. Ke4 Ke6 60.
Bh5 Kd6 61. Bg4 Kc6 62. Ke5 b5 63. Bd7+ Kxd7 64. cxb5 Kc7 65. Kd5 Kb6 66. Kc4
Ka7 67. Kxc5 Kb7 68. b6 Kc8 69. Kc6 Kb8 70. b7 Ka7 71. Kc7 1-0

[Event "Open Est 2016-2017"]
[Site "Aubagne"]
[Date "2016.12.10"]
[Round "4.13"]
[White "Ralijaona, Gabriela"]
[Black "Gamblin, Vincent"]
[Result "0-1"]
[WhiteElo "1306"]
[BlackElo "1423"]
[PlyCount "74"]
[EventDate "2016.??.??"]
[WhiteTeam "Marseille Passion Echecs"]
[BlackTeam "Marseille Echecs"]

1. e4 c5 2. Nf3 d6 3. d3 Nc6 4. Nc3 g6 5. Be2 Bg7 6. O-O Nf6 7. Be3 O-O 8. Qd2
a6 9. Bh6 e5 10. h3 b5 11. a3 b4 12. axb4 Nxb4 13. Na2 Nxc2 14. Bxg7 Nxa1 15.
Bxf8 Nb3 16. Qc2 Be6 17. Bh6 Rc8 18. Nc3 Nd4 19. Qd2 Nb3 20. Qg5 Nh5 21. Qxd8+
Rxd8 22. Nd5 Bxd5 23. exd5 Rb8 24. Rb1 Nf6 25. Nd2 Nxd5 26. Nxb3 Rxb3 27. Bd2
Kg7 28. Ra1 Rxb2 29. Bf3 Rxd2 30. Bxd5 Rxd3 31. Be4 Rd4 32. f3 d5 33. Bc2 Rd2
34. Ba4 c4 35. Kf1 c3 36. Ke1 Rxg2 37. Bb3 Rg1+ 0-1

[Event "Open Est 2016-2017"]
[Site "Aubagne"]
[Date "2016.12.10"]
[Round "4.14"]
[White "Roche, Alain"]
[Black "Morata, Serge"]
[Result "1-0"]
[WhiteElo "1423"]
[BlackElo "1240"]
[PlyCount "55"]
[EventDate "2016.??.??"]
[WhiteTeam "Echiquier Marseillais 1872"]
[BlackTeam "Cercle d'Echecs Aubagnais"]

1. e4 e6 2. d4 d5 3. e5 c5 4. c3 Nc6 5. Nf3 a6 6. Be2 Be7 7. O-O b5 8. dxc5
Bxc5 9. b4 Bb6 10. a4 Bb7 11. axb5 Nb8 12. bxa6 Bxa6 13. Ba3 Bxe2 14. Qxe2 Ne7
15. Nbd2 O-O 16. b5 d4 17. cxd4 Nd7 18. Nc4 Bc7 19. h3 f6 20. exf6 Rxf6 21.
Bxe7 Qxe7 22. Rxa8+ Rf8 23. Ra6 Rf6 24. b6 Bxb6 25. Nxb6 Nxb6 26. Rxb6 e5 27.
Qa2+ Kf8 28. Rb8+ 1-0

[Event "Open Est 2016-2017"]
[Site "Aubagne"]
[Date "2016.12.10"]
[Round "4.15"]
[White "Pentcheff, Laura"]
[Black "Blanc, Maxime"]
[Result "0-1"]
[WhiteElo "1331"]
[BlackElo "1422"]
[PlyCount "108"]
[EventDate "2016.??.??"]
[WhiteTeam "Cassis Echecs"]
[BlackTeam "Cassis Echecs"]

1. Nf3 d5 2. g3 c5 3. Bg2 Nf6 4. O-O Nc6 5. d4 e6 6. b3 b5 7. Be3 c4 8. Re1 Bd6
9. Bg5 h6 10. Bxf6 Qxf6 11. e4 dxe4 12. Rxe4 Bb7 13. Re2 O-O 14. Nc3 Bb4 15.
Nxb5 a6 16. Nc7 Rac8 17. Nxe6 fxe6 18. bxc4 Na5 19. Ne5 Bxg2 20. Kxg2 Bc3 21.
Rb1 Nxc4 22. Nd7 Qf3+ 23. Kg1 Rf7 24. Ne5 Nxe5 25. dxe5 Rff8 26. Rb7 Bd4 27.
Rb3 Bxf2+ 28. Rxf2 Qxf2+ 29. Kh1 Rxc2 30. Qg1 Qxg1+ 31. Kxg1 Rd8 32. Rb1 Rdd2
33. Rb8+ Kh7 34. Rb1 Rg2+ 35. Kh1 Rxh2+ 36. Kg1 Rcg2+ 37. Kf1 Rh1+ 38. Kxg2
Rxb1 39. a4 Kg6 40. Kf3 Kf5 41. g4+ Kxe5 42. a5 Rb3+ 43. Ke2 Ke4 44. Kd2 Re3
45. Kc2 Rd3 46. Kb2 Kd4 47. Kc2 Kc4 48. Kb2 Rc3 49. Ka2 Rb3 50. g5 hxg5 51. Ka1
Kc3 52. Ka2 Kc2 53. Ka1 Rb5 54. Ka2 Rxa5# 0-1

[Event "Open Est 2016-2017"]
[Site "Aubagne"]
[Date "2016.12.10"]
[Round "4.17"]
[White "Desjardins, Rene"]
[Black "Rando, Mathias"]
[Result "1-0"]
[WhiteElo "1399"]
[BlackElo "1170"]
[PlyCount "82"]
[EventDate "2016.??.??"]
[WhiteTeam "Club d'Echecs Pennois (CEP)"]
[BlackTeam "Club Provence Echecs"]

1. c4 e5 2. Nc3 Nc6 3. Nf3 Nf6 4. d3 Bc5 5. Bg5 h6 6. Bh4 g5 7. Bg3 d6 8. a3
Be6 9. e4 Nd4 10. Nxd4 Bxd4 11. h3 g4 12. Bh4 Rg8 13. Nd5 Rg6 14. Nxf6+ Rxf6
15. Bxf6 Qxf6 16. Qe2 g3 17. fxg3 Qg5 18. g4 Qh4+ 19. Kd1 Bd7 20. Rb1 Rb8 21.
Qf3 Ba4+ 22. b3 Bc3 23. Kc2 Ba5 24. bxa4 c6 25. Be2 Qg5 26. Rhd1 a6 27. g3 b5
28. h4 Qe7 29. Rf1 Kd7 30. Qf5+ Kd8 31. Qf6 d5 32. Qxe7+ Kxe7 33. cxd5 cxd5 34.
exd5 Rc8+ 35. Kd1 Rc3 36. axb5 axb5 37. Rxb5 Rxa3 38. Rb7+ Kd6 39. Rf6+ Kxd5
40. Bf3+ Kd4 41. Be4 Kc3 1-0

[Event "Open Est 2016-2017"]
[Site "Aubagne"]
[Date "2016.12.12"]
[Round "4.18"]
[White "Cescon, Angelo"]
[Black "Fortoul, Alain"]
[Result "1-0"]
[WhiteElo "1230"]
[BlackElo "1399"]
[PlyCount "139"]
[EventDate "2016.??.??"]
[WhiteTeam "Club d'Echecs Pennois (CEP)"]
[BlackTeam "Club d'Echecs Pennois (CEP)"]

1. e4 e5 2. c3 c5 3. d4 cxd4 4. cxd4 exd4 5. Qxd4 Nc6 6. Qc4 d6 7. Nf3 Be6 8.
Qb5 Rb8 9. Bc4 Bxc4 10. Qxc4 Na5 11. Qb5+ Nc6 12. Bd2 Qd7 13. O-O Nge7 14. e5
Nxe5 15. Qxd7+ Nxd7 16. Re1 g6 17. Bf4 Rc8 18. Bxd6 Nb6 19. Nc3 Rd8 20. Nb5
Rxd6 21. Nxd6+ Kd7 22. Nxf7 Rg8 23. Rad1+ Ned5 24. N3e5+ Ke6 25. Ng5+ Kd6 26.
Nxh7 Bg7 27. Nf7+ Kc7 28. Nhg5 Kb8 29. Nd6 a6 30. Re4 Rd8 31. Re8 Rxe8 32. Nxe8
Ka7 33. Nxg7 Nb4 34. a3 Nc6 35. N7e6 Nc4 36. b4 Nxa3 37. Nf8 Nxb4 38. Nxg6 Nc6
39. f4 Nb5 40. Ne6 Nc3 41. Rd7 a5 42. f5 Ne4 43. h4 a4 44. Rd1 Ka6 45. Rc1 a3
46. Nc5+ Kb5 47. Nxe4 Nd8 48. Rb1+ Ka4 49. h5 a2 50. Nc3+ Ka3 51. Nxa2 Kxa2 52.
Rf1 Nf7 53. f6 Kb3 54. Rd1 b5 55. Rd7 Nh6 56. f7 Nxf7 57. Rxf7 b4 58. h6 Ka3
59. h7 b3 60. h8=Q Ka2 61. Rf1 Ka3 62. Rb1 Kb4 63. Qb2 Kc4 64. Qxb3+ Kd4 65.
Ra1 Ke4 66. Ra4+ Kf5 67. Nh4+ Kf6 68. Qb5 Ke6 69. Ra6+ Kf7 70. Qb7+ 1-0

[Event "Open Est 2016-2017"]
[Site "Aubagne"]
[Date "2016.12.10"]
[Round "4.19"]
[White "Bertrand, Frederic"]
[Black "Benezra, Silke"]
[Result "1-0"]
[WhiteElo "1650"]
[BlackElo "1362"]
[PlyCount "73"]
[EventDate "2016.??.??"]
[WhiteTeam "Cercle d'Echecs Aubagnais"]
[BlackTeam "L'Echiquier du Roy René"]

1. d4 g6 2. e4 Bg7 3. Nc3 d6 4. f4 e5 5. dxe5 dxe5 6. Qxd8+ Kxd8 7. Bc4 exf4 8.
Bxf4 Bxc3+ 9. bxc3 f5 10. Be5 fxe4 11. Bxh8 Ne7 12. Rd1+ Ke8 13. Bf6 Nbc6 14.
h3 h5 15. Bb5 Bf5 16. Bxe7 Kxe7 17. Bxc6 bxc6 18. Ne2 Rb8 19. Nd4 Rb6 20. Nxf5+
gxf5 21. O-O Ke6 22. Rb1 Ke5 23. Rxb6 cxb6 24. Rd1 f4 25. Kf2 a5 26. Rd7 Ke6
27. Rh7 Kd5 28. Rxh5+ Kc4 29. Rh6 c5 30. Rxb6 Kxc3 31. Ke2 Kxc2 32. Rc6 Kb2 33.
Rxc5 a4 34. Rc4 f3+ 35. gxf3 exf3+ 36. Kxf3 Ka3 37. h4 1-0

[Event "Open Est 2016-2017"]
[Site "Aubagne"]
[Date "2016.12.10"]
[Round "4.20"]
[White "Guidini, Rene"]
[Black "Piquemal, Maxence"]
[Result "0-1"]
[WhiteElo "1600"]
[BlackElo "1335"]
[PlyCount "47"]
[EventDate "2016.??.??"]
[WhiteTeam "Cercle d'Echecs Aubagnais"]
[BlackTeam "Marseille Echecs"]

1. e4 e5 2. f4 exf4 3. Nf3 Nf6 4. e5 Nd5 5. d4 d6 6. c4 Ne3 7. Bxe3 fxe3 8. Bd3
dxe5 9. dxe5 Bc5 10. a3 a5 11. Nc3 Nc6 12. Qe2 Nd4 13. Nxd4 Bxd4 14. O-O-O O-O
15. Nd5 Re8 16. Qh5 g6 17. Nf6+ Qxf6 18. exf6 gxh5 19. Rde1 Ra6 20. h3 Rxf6 21.
g4 hxg4 22. hxg4 h6 23. g5 hxg5 24. Rhg1 0-1

[Event "Open Est 2016-2017"]
[Site "Aubagne"]
[Date "2016.12.10"]
[Round "4.21"]
[White "Turpin, Isabelle"]
[Black "Vicari-Vento, Salvatore"]
[Result "0-1"]
[WhiteElo "1195"]
[BlackElo "1470"]
[PlyCount "116"]
[EventDate "2016.??.??"]
[WhiteTeam "Cercle d'Echecs Aubagnais"]
[BlackTeam "Cercle d'Echecs Aubagnais"]

1. d4 d6 2. c4 g6 3. Nc3 Nf6 4. Bg5 Bg7 5. Qc2 O-O 6. e3 Nbd7 7. h4 h6 8. Bf4
e5 9. dxe5 dxe5 10. Bg3 Re8 11. O-O-O Qe7 12. Be2 b6 13. Nh3 Bb7 14. Rdg1 a6
15. Bf3 e4 16. Be2 Rac8 17. Nf4 c5 18. h5 g5 19. Nh3 Bc6 20. Rd1 Ne5 21. f4
exf3 22. Nd5 Bxd5 23. cxd5 fxe2 24. Qxe2 Neg4 25. Kb1 Qxe3 26. Qxe3 Nxe3 27.
Rde1 Nfxd5 28. Re2 Nf5 29. Rxe8+ Rxe8 30. Bf2 Re2 31. Kc1 g4 32. Kd1 Rxb2 33.
Kc1 Rxa2 34. Rd1 Ra1+ 35. Kc2 Rxd1 36. Kxd1 gxh3 37. gxh3 Bd4 38. Be1 Nf4 39.
h4 Nxh5 40. Kc2 c4 41. Kb1 Nd6 42. Bb4 Bc5 43. Bc3 b5 44. Be5 b4 45. Kc2 a5 46.
Kb2 f6 47. Bh2 f5 48. Kc2 f4 49. Kd2 Nf5 50. Ke2 Nxh4 51. Kf1 a4 52. Ke2 a3 53.
Bxf4 Nxf4+ 54. Kd2 a2 55. Kc2 a1=Q 56. Kd2 Qd4+ 57. Ke1 Nhg2+ 58. Kf1 Qf2# 0-1

[Event "Open Est 2016-2017"]
[Site "Aubagne"]
[Date "2016.12.10"]
[Round "4.22"]
[White "Cureau, Dominique"]
[Black "Bui, Christopher"]
[Result "0-1"]
[WhiteElo "1415"]
[BlackElo "1315"]
[PlyCount "102"]
[EventDate "2016.??.??"]
[WhiteTeam "Echiquier Marseillais 1872"]
[BlackTeam "Cercle d'Echecs Aubagnais"]

1. c4 e5 2. Nc3 Nc6 3. g3 g6 4. Bg2 Bg7 5. e3 Nge7 6. Nge2 O-O 7. d4 Nf5 8. d5
Nce7 9. O-O d6 10. b3 c6 11. Bb2 Qc7 12. Rb1 Bd7 13. Qd3 Rfe8 14. Ne4 Rad8 15.
N2c3 Nh6 16. Ba3 Nc8 17. Rbc1 a6 18. Qd2 f5 19. Ng5 Re7 20. e4 Nf7 21. Nxf7
Rxf7 22. exf5 Bxf5 23. dxc6 bxc6 24. Bb2 Kh8 25. Kh1 Qd7 26. Rcd1 Bh3 27. Rg1
Bxg2+ 28. Kxg2 Rdf8 29. Rgf1 Rf5 30. h4 Rh5 31. Qe2 Rhf5 32. Ne4 Qe7 33. Ba3 c5
34. b4 cxb4 35. Bxb4 Rd8 36. Rd2 Qc7 37. Rfd1 Bh6 38. Rd5 Bf8 39. c5 Qb7 40. a3
Ne7 41. Rxd6 Rxd6 42. cxd6 Nc6 43. d7 Qc7 44. Bxf8 Rxf8 45. Nc5 Nd4 46. Rxd4
exd4 47. Qe8 Qc6+ 48. Kh2 Rxe8 49. dxe8=Q+ Qxe8 50. Nxa6 d3 51. Nb4 d2 0-1

[Event "Open Est 2016-2017"]
[Site "Aubagne"]
[Date "2016.12.10"]
[Round "4.23"]
[White "Labriaud, Gilles"]
[Black "Masson, Wally"]
[Result "1-0"]
[WhiteElo "1399"]
[BlackElo "1191"]
[PlyCount "107"]
[EventDate "2016.??.??"]
[WhiteTeam "La Ciotat Echecs (LCE)"]
[BlackTeam "Cercle d'Echecs Aubagnais"]

1. c4 Nf6 2. Nc3 e6 3. d3 d5 4. cxd5 Nxd5 5. Bd2 Be7 6. Nf3 O-O 7. g3 c6 8. Bg2
Qb6 9. Qc2 Bc5 10. e3 Na6 11. a3 Bd7 12. O-O Qd8 13. Ne5 b5 14. d4 Be7 15. Ne4
f5 16. Nc5 Nxc5 17. dxc5 a5 18. b4 Bf6 19. Nxd7 Qxd7 20. Rad1 axb4 21. axb4 Ra4
22. e4 fxe4 23. Bxe4 g6 24. Rfe1 Bd4 25. Re2 Nxb4 26. Bxb4 Rxb4 27. Bd3 Rb2 28.
Qc1 Bxf2+ 29. Rxf2 Rbxf2 30. Bxg6 Rf1+ 31. Rxf1 Qd4+ 32. Kg2 Rxf1 33. Qxf1 hxg6
34. Qe1 e5 35. Qc1 e4 36. Qh6 Qg7 37. Qf4 Qd4 38. Qh6 Qf6 39. Qe3 Qf3+ 40. Qxf3
exf3+ 41. Kxf3 Kf7 42. Ke2 Ke6 43. Kd3 Kd5 44. Kc3 Kxc5 45. h4 b4+ 46. Kb3 Kb5
47. g4 c5 48. h5 c4+ 49. Kc2 b3+ 50. Kc3 Ka4 51. hxg6 Ka3 52. g7 b2 53. g8=Q
b1=Q 54. Qa8# 1-0

[Event "Open Est 2016-2017"]
[Site "Aubagne"]
[Date "2016.12.10"]
[Round "4.24"]
[White "Timoner, Genevieve"]
[Black "Reynaud, Jacques"]
[Result "0-1"]
[WhiteElo "1115"]
[BlackElo "1395"]
[PlyCount "66"]
[EventDate "2016.??.??"]
[WhiteTeam "Club d'Echecs Pennois (CEP)"]
[BlackTeam "Cercle d'Echecs Aubagnais"]

1. c4 Nf6 2. Nc3 e6 3. d3 c6 4. g3 d5 5. cxd5 cxd5 6. d4 a6 7. Bg2 b5 8. a3 Bb7
9. e3 Nbd7 10. b4 Rc8 11. Bd2 Nb6 12. Nf3 Bd6 13. Qb3 Nc4 14. O-O Qc7 15. Rfc1
h5 16. Be1 Ng4 17. h4 f6 18. a4 Qb6 19. a5 Qc7 20. Ne2 Qe7 21. Nh2 Nxh2 22.
Kxh2 g5 23. Qd3 gxh4 24. f4 f5 25. gxh4 Bxb4 26. Bxb4 Qxb4 27. Rcb1 Qe7 28. Bf3
Qxh4+ 29. Kg2 Rg8+ 30. Ng3 Rxg3+ 31. Kf2 Qh2+ 32. Ke1 Rg1+ 33. Qf1 Qd2# 0-1

[Event "Open Est 2016-2017"]
[Site "Aubagne"]
[Date "2016.12.10"]
[Round "4.25"]
[White "Periale, Francine"]
[Black "Bartolini, Manuela"]
[Result "0-1"]
[WhiteElo "1146"]
[BlackElo "1399"]
[PlyCount "108"]
[EventDate "2016.??.??"]
[WhiteTeam "Cercle d'Echecs Aubagnais"]
[BlackTeam "Cercle d'Echecs Aubagnais"]

1. d4 d5 2. Nf3 Nc6 3. Bf4 h6 4. h3 e6 5. Nbd2 Bb4 6. c3 Bd6 7. Bh2 Bxh2 8.
Rxh2 Nge7 9. e3 O-O 10. Bd3 Ng6 11. Qc2 Qf6 12. O-O-O a6 13. Rf1 Na5 14. e4
dxe4 15. Nxe4 Qf4+ 16. Nfd2 f5 17. Ng3 Bd7 18. Rhh1 Bb5 19. c4 Bc6 20. d5 Bd7
21. dxe6 Bc6 22. Rhg1 b5 23. e7 Nxe7 24. Nh5 Qg5 25. Ng3 Bd7 26. Re1 Rae8 27.
b3 Nac6 28. cxb5 Nb4 29. Qc4+ Ned5 30. Be2 Nxa2+ 31. Kb2 Nab4 32. Qd4 Qf6 33.
Qxf6 Nxf6 34. bxa6 Ne4 35. Nc4 Nxf2 36. Rgf1 Nfd3+ 37. Bxd3 Nxd3+ 38. Kc3 Nxe1
39. Kd2 Nxg2 40. a7 Bc6 41. Na5 Rd8+ 42. Kc3 Ba8 43. Nc4 Rd5 44. Ne3 Nxe3 45.
Re1 f4 46. Ne4 Rfd8 47. Re2 Rd3+ 48. Kb4 Bxe4 49. Kc5 Ra8 50. b4 Rc3+ 51. Kb5
c6+ 52. Kb6 Rd8 53. Rd2 Nd5+ 54. Ka5 Ra3# 0-1

[Event "Open Est 2016-2017"]
[Site "Aubagne"]
[Date "2016.12.10"]
[Round "4.26"]
[White "Georgesoglou, Bruno"]
[Black "Coppel, Victor"]
[Result "0-1"]
[WhiteElo "1399"]
[BlackElo "1120"]
[PlyCount "78"]
[EventDate "2016.??.??"]
[WhiteTeam "Hay Chess"]
[BlackTeam "L'Echiquier du Roy René"]

1. e4 e5 2. d4 exd4 3. Qxd4 Nc6 4. Qe3 Be7 5. Qg3 g6 6. Nf3 Nf6 7. h3 Nxe4 8.
Qf4 Nf6 9. Bc4 O-O 10. O-O d5 11. Bd3 Re8 12. Qh4 Nh5 13. Bg5 h6 14. Bxe7 Qxe7
15. Qxe7 Rxe7 16. Nc3 Nf4 17. Bb5 Bd7 18. Rae1 Rae8 19. Ne2 Nxe2+ 20. Bxe2 Rxe2
21. Rd1 Ne5 22. Rxd5 Nxf3+ 23. gxf3 Bxh3 24. Rfd1 Re1+ 25. Kh2 Rxd1 26. Rxd1
Bf5 27. c4 Re2 28. b4 Rxf2+ 29. Kg3 Rxa2 30. c5 Ra4 31. Rd4 b6 32. c6 a5 33.
Rd8+ Kg7 34. b5 Rb4 35. Rd5 a4 36. Kf2 a3 37. Ke3 a2 38. Rd1 Rb1 39. Rxb1
axb1=Q 0-1

[Event "Open Est 2016-2017"]
[Site "Aubagne"]
[Date "2016.12.10"]
[Round "4.27"]
[White "Soulet, Kylian"]
[Black "Lang, Alexandre"]
[Result "0-1"]
[WhiteElo "1150"]
[BlackElo "1399"]
[PlyCount "96"]
[EventDate "2016.??.??"]
[WhiteTeam "Cassis Echecs"]
[BlackTeam "Cercle d'Echecs Aubagnais"]

1. d4 d5 2. Nc3 Nf6 3. Bf4 Nbd7 4. Nf3 g6 5. e3 a6 6. Bd3 Bg7 7. Qd2 c5 8. e4
c4 9. Be2 e6 10. e5 Nh5 11. Bg5 f6 12. O-O-O fxg5 13. g4 Nf4 14. h4 h6 15. Bf1
gxh4 16. Rxh4 g5 17. Ne2 gxh4 18. Nxf4 Nf8 19. Kb1 h5 20. Nxh5 Bh6 21. g5 Bxg5
22. Nxg5 Rxh5 23. f4 Nh7 24. Be2 Rh6 25. Rg1 Nxg5 26. Rxg5 h3 27. Rg8+ Kd7 28.
Rxd8+ Kxd8 29. Bf3 h2 30. Qe1 Kd7 31. c3 b6 32. Kc2 Bb7 33. Kd2 Rb8 34. Bh1 Rg8
35. Qe2 Rg1 36. Qf3 Rh8 37. Ke2 Rhg8 38. Kf2 Ra1 39. a3 Rgg1 40. Bg2 Rxg2+ 41.
Qxg2 h1=Q 42. Qg7+ Kc6 43. f5 Qh4+ 44. Kf3 Rf1+ 45. Kg2 Qh1+ 46. Kg3 Qg1+ 47.
Kh4 Qxg7 48. f6 Rh1# 0-1

[Event "Open Est 2016-2017"]
[Site "Aubagne"]
[Date "2016.12.10"]
[Round "4.29"]
[White "Frontera, Pierre"]
[Black "Pentcheff, Julie"]
[Result "1-0"]
[WhiteElo "1314"]
[BlackElo "1110"]
[PlyCount "57"]
[EventDate "2016.??.??"]
[WhiteTeam "Cercle d'Echecs Aubagnais"]
[BlackTeam "Cassis Echecs"]

1. c4 c6 2. Nc3 d5 3. e3 Nf6 4. d4 Bg4 5. Be2 Bxe2 6. Ngxe2 dxc4 7. O-O e6 8.
a3 Ng4 9. g3 Qg5 10. f4 Qh5 11. h4 h6 12. Ne4 Be7 13. Kg2 g5 14. Rh1 gxh4 15.
Qe1 Qg6 16. N2c3 hxg3 17. Nxg3 h5 18. Kf1 Qd3+ 19. Qe2 Qg6 20. Rg1 Bh4 21. Nge4
O-O 22. Bd2 Qf5 23. Nd6 Qd3 24. Nxc4 Qg6 25. Ne5 Qg7 26. Nxg4 Kh8 27. Ne5 Qf6
28. Qxh5+ Qh6 29. Qxh6# 1-0

[Event "Open Est 2016-2017"]
[Site "Aubagne"]
[Date "2016.12.10"]
[Round "4.30"]
[White "Cayrou, Fabien"]
[Black "Moerenhout, Jean Claude"]
[Result "0-1"]
[WhiteElo "1099"]
[BlackElo "1277"]
[PlyCount "134"]
[EventDate "2016.??.??"]
[WhiteTeam "Cassis Echecs"]
[BlackTeam "Cercle d'Echecs Aubagnais"]

1. d4 Nf6 2. Nc3 d5 3. Bf4 a6 4. Nf3 Bg4 5. e3 e6 6. Bd3 g6 7. e4 dxe4 8. Nxe4
Nxe4 9. Bxe4 c6 10. Be5 f6 11. Bg3 Bg7 12. Bh4 O-O 13. h3 Bxf3 14. Bxf3 Qa5+
15. c3 Nd7 16. O-O Rad8 17. Bg4 e5 18. dxe5 Nxe5 19. Qe2 Rde8 20. b4 Qa3 21.
Rac1 f5 22. Bf3 Nxf3+ 23. Qxf3 Qxa2 24. Ra1 Qd2 25. Rad1 Qxc3 26. Qxc3 Bxc3 27.
Rb1 Re4 28. Bg3 Bxb4 29. f3 Rc4 30. Rfd1 a5 31. Bd6 Bxd6 32. Rxd6 b5 33. g4
fxg4 34. hxg4 Rxf3 35. g5 Rg3+ 36. Kf2 Rxg5 37. Rd2 Rf4+ 38. Ke3 Rf7 39. Rd8+
Rf8 40. Rd6 Re8+ 41. Kf4 Rf5+ 42. Kg4 Re4+ 43. Kg3 Re3+ 44. Kg4 Rc3 45. Re1 Kg7
46. Re7+ Rf7 47. Re8 Rc4+ 48. Kg3 a4 49. Ra8 Rc3+ 50. Kg4 a3 51. Rd1 b4 52. Rb1
c5 53. Kg5 Rc2 54. Ra1 c4 55. Rb8 Rb2 56. Kg4 c3 57. Rc1 c2 58. Rc8 b3 59. Re8
Rb1 60. Rce1 c1=Q 61. Rxc1 Rxc1 62. Ra8 a2 63. Rb8 a1=Q 64. Rxb3 Qa4+ 65. Kg3
Qxb3+ 66. Kg2 Rc2+ 67. Kg1 Qb1# 0-1

[Event "Open Est 2016-2017"]
[Site "Aubagne"]
[Date "2016.12.10"]
[Round "4.31"]
[White "Autouard, Jean-Luc"]
[Black "Naam, Shedy"]
[Result "1-0"]
[WhiteElo "1276"]
[BlackElo "1090"]
[PlyCount "45"]
[EventDate "2016.??.??"]
[WhiteTeam "Cercle d'Echecs Aubagnais"]
[BlackTeam "Cassis Echecs"]

1. e4 e5 2. Nf3 Nf6 3. Nc3 Nc6 4. Bc4 Be7 5. O-O O-O 6. d3 Bc5 7. Nh4 d6 8. Nf5
Bxf5 9. exf5 d5 10. Bb3 Nd4 11. Be3 e4 12. Ne2 Nxe2+ 13. Qxe2 exd3 14. cxd3 d4
15. Bg5 Re8 16. Qc2 Re5 17. f4 Rxf5 18. Rae1 Bb4 19. Re2 Be7 20. Qc4 h6 21.
Qxf7+ Kh7 22. Rxe7 hxg5 23. Qxg7# 1-0

[Event "Open Est 2016-2017"]
[Site "Aubagne"]
[Date "2016.12.10"]
[Round "4.32"]
[White "Veith, Irene"]
[Black "Periale, Albert"]
[Result "0-1"]
[WhiteElo "1072"]
[BlackElo "1274"]
[PlyCount "104"]
[EventDate "2016.??.??"]
[WhiteTeam "La Ciotat Echecs (LCE)"]
[BlackTeam "Cercle d'Echecs Aubagnais"]

1. Nc3 d5 2. e4 d4 3. Nce2 e5 4. Ng3 Nf6 5. Nf3 Nc6 6. Bc4 h6 7. a3 Be7 8. d3
O-O 9. h3 Na5 10. Ba2 Bd6 11. O-O c5 12. Bd2 Nc6 13. c3 b6 14. Nh2 Ne7 15. Ng4
Nxg4 16. hxg4 Kh7 17. Qf3 f6 18. Nh5 Qe8 19. Qh3 Qg6 20. f3 Kh8 21. Kf2 Ng8 22.
Rh1 Bd7 23. Bd5 Rae8 24. c4 Be6 25. Bc6 Re7 26. Rh2 Kh7 27. Rah1 Ref7 28. Ke2
Rd8 29. Ng3 Bf8 30. Nf5 Rc7 31. Bb5 Rcc8 32. Ba4 Rb8 33. Bd1 b5 34. b3 bxc4 35.
bxc4 Rb2 36. Ke1 Rdb8 37. Nxh6 gxh6 38. Bxh6 Nxh6 39. Be2 Qg5 40. Qxh6+ Bxh6
41. Rxh6+ Qxh6 42. Rxh6+ Kxh6 43. g3 Rc2 44. Bd1 Ra2 45. a4 Rbb2 46. f4 Rg2 47.
Kf1 Rxg3 48. f5 Bd7 49. Be2 Bxa4 50. Kf2 Rxd3 51. Ke1 Re3 52. Kf1 Rexe2 0-1